000 00457nam a22001697a 4500
003 CEME
005 20210628203153.0
008 210122b xxu||||| |||| 00| 0 eng d
040 _c.
082 _a001.51 HIJ
100 _aHijazi, M.A.Prof Dr, Naqqash, G.M.Prof
_963752
245 _aMass communication theory and practice
260 _aLAHORE
_bA-ONE PUBLISHERS
_c2004
300 _aXVII,349
650 _aMASS COMMUNICATION
_963753
942 _cBK
_2ddc
999 _c572475
_d572475